01211 a2200181 45000010006000000050017000060080041000230030015000640400040000790800034001192450059001530200018002122640037002303000019002675050616002861000028009028560099009304748820260407155742.0260407a1992 arg spa dAR-UNSa-BCEJYS aAR-UNSa-BCEJYSbspacAR-UNSa-BCEJYS a94(82)xHistoria de Argentina10aEl noroeste y la argentina contemporánea (1853-1992) a9520-21-076-5 1aBuenos Aires :bPlus Ultrac1992 a477 p.c23 cm. a1. El tiempo largo - 2. Constitución y revolución - 3. Pavón y el orden liberal - 4. La guerra del Paraguay y las relaciones federales - 5. Organización del sistema educativo argentino - 6. El estado nación - 7. Las situaciones provinciales - 8. Antes y después del ferrocarril - 9. Las colectividades extranjeras - 10. De la oligarquía a la democracia - 11. Las provincias pobres. Proyectos e iniciativas para su reactivación - 12. Del golpe de estado al proyecto nacional y popular - 13. Poder militar y democracia condicionada - 14. Los años trágicos - 15. La nueva aurora democrática. 1 aBazán, Armando Raúl41uhttps://www.biblioeco.unsa.edu.ar/pmb/images/libros/L127529.jpgyImagen de portadaqimage/jpeg